000 00365nam a22001337a 4500
020 _qHB.
040 _cFIZZA ISHAQ
082 _a355.009
_bGEO
100 _aPARKER,GEOFFREY.
_948640
245 _aTHE CAMBRIDGE HISTORY OF WARFARE /
_cGEOFFREY PARKER.
260 _aNEW YORK;
_bCAMBRIDGE UNIVERSITY PRESS,
_c2005.
300 _a526 P. ;
_c8.1X5.1IN
942 _2ddc
_cBK
999 _c615805
_d615805